| 000 | 00674 a2200193 4500 | ||
|---|---|---|---|
| 003 | Nust | ||
| 005 | 20230131105612.0 | ||
| 010 | _a 74003253 | ||
| 020 | _a0340199415 | ||
| 040 | _cNust | ||
| 082 | 0 | 0 | _a940.54,RYA |
| 100 | 1 |
_aRyan, Cornelius. _946236 |
|
| 245 | 1 | 2 |
_aA bridge too Far / _cCornelius Ryan, |
| 260 |
_aNew York, _bSimon and Schuster _c[1974] |
||
| 300 |
_a670 p. _billus. _c23 cm. |
||
| 505 | _aPart One: The Retreat (Page-19), Part Two: The Plan (Page-101), Part Three: The Attack (Page-167), Part Four: The Siege (Page-271), Part Five: Der Hexenkessel (Page-437). | ||
| 650 | 0 |
_aArnhem, Battle of, Arnhem, Netherlands, 1944. _9108181 |
|
| 942 |
_2ddc _cBK |
||
| 999 |
_c185694 _d185694 |
||